Law relating to dowry, dowry death, cruelty to women & domestic violence / (Record no. 94866)

MARC details
000 -LEADER
fixed length control field 00835nam a22002417a 4500
005 - DATE AND TIME OF LATEST TRANSACTION
control field 20150903111844.0
010 ## - LCCN (DPL NO)
LC control number ENG-113451
020 ## - INTERNATIONAL STANDARD BOOK NUMBER
Terms of availability 725.00
International Standard Book Number 9788175349919
035 ## - SYSTEM CONTROL NUMBER
System control number EN-96983
037 ## - SOURCE OF ACQUISITION
Source of stock number/acquisition DBAD/PUB
082 ## - DEWEY DECIMAL CLASSIFICATION NUMBER
Classification number 345.0954
100 ## - MAIN ENTRY--PERSONAL NAME
Personal name Nalwa, Suman
245 ## - TITLE STATEMENT
Title Law relating to dowry, dowry death, cruelty to women & domestic violence /
Statement of responsibility, etc by Suman Nalwa [and] Hari Dev Kohli ; foreworded by A.S. Anand
260 ## - PUBLICATION, DISTRIBUTION, ETC. (IMPRINT)
Place of publication, distribution, etc Delhi
Name of publisher, distributor, etc Universal Law Publishing
Date of publication, distribution, etc 2011
270 ## - ADDRESS
Address A-58, G.T. Karnal Road Industrial Area,
City Delhi
Postal code 110033
300 ## - PHYSICAL DESCRIPTION
Extent lxii,623p.
Dimensions 25cm(Hb)
500 ## - GENERAL NOTE
General note Includes index
650 ## - SUBJECT ADDED ENTRY--TOPICAL TERM
Topical term or geographic name as entry element Women
General subdivision Crimes against
Geographic subdivision India.
650 ## - SUBJECT ADDED ENTRY--TOPICAL TERM
Topical term or geographic name as entry element Dowry
Geographic subdivision India
General subdivision Criminal provisions.
650 ## - SUBJECT ADDED ENTRY--TOPICAL TERM
Topical term or geographic name as entry element Uxoricide
Geographic subdivision India.
700 ## - ADDED ENTRY--PERSONAL NAME
Personal name Kohli, Hari Dev
942 ## - ADDED ENTRY ELEMENTS (KOHA)
Source of classification or shelving scheme Dewey Decimal Classification
Item type English Books
Call number suffix NAL
Classification part 345.0954
Holdings
Withdrawn status Lost status Not for loan Collection code Home library Current library Date acquired Source of acquisition Cost, normal purchase price Full call number Barcode Copy number Cost, replacement price Koha item type
    Not For Loan Non-fiction D.B.Act.Division D.B.Act.Division 13/07/2015 DBAD/PUB 725.00 345.0954 NAL EN-96983 1 725.00 English Books

© Delhi Public Library
Hit Counter
free hit counter